000 00277nam a2200109Ia 4500
008 200302s9999 xx 000 0 und d
100 _aMarc Wortman
245 _aPublic Transportation- On the move
260 _bVisual Reference Publications, NY
260 _c2005
300 _a223
999 _c4517
_d4517